Az egykori Szegedi Szabadtéri Játékok kulisszái mögül
Elmentve itt :
| Szerző: | |
|---|---|
| Dokumentumtípus: | Cikk |
| Megjelent: |
1958-12-12
|
| Sorozat: | Délmagyarország
14 No. 293 |
| Kulcsszavak: | Szabadtéri Játékok, Szegedi Szabadtéri Játékok 1958 |
| Online Access: | http://dmarchiv.bibl.u-szeged.hu/77580 |
| LEADER | 00524nab a2200157 i 4500 | ||
|---|---|---|---|
| 001 | delm77580 | ||
| 005 | 20180928084350.0 | ||
| 008 | 180928s1958 hu o 0|| hun d | ||
| 040 | |a SZTE Délmagyarország Archívum |b hun | ||
| 041 | |a hun | ||
| 100 | 1 | |a Lőkös Zoltán | |
| 245 | 1 | 3 | |a Az egykori Szegedi Szabadtéri Játékok kulisszái mögül |h [elektronikus dokumentum] / |c Lőkös Zoltán |
| 260 | |c 1958-12-12 | ||
| 300 | |a 5 | ||
| 490 | 0 | |a Délmagyarország |v 14 No. 293 | |
| 695 | |a Szabadtéri Játékok, Szegedi Szabadtéri Játékok 1958 | ||